| 000 | 00414nam a2200145 i 4500 | ||
|---|---|---|---|
| 040 | _cDLC | ||
| 082 | 0 | 0 | _a634 STA 1978 A040 Or. |
| 100 | 1 | _aArvola, T. F. | |
| 245 | 1 | 0 | _aCalifornia forestry handbook / |
| 260 |
_aSacramento : _bState of California, Resources Agency, Dept. of Forestry, _c1978. |
||
| 300 |
_aix, 233 p. : _bill. ; _c23 cm. |
||
| 650 | 0 | _aForests and forestry | |
| 710 | 1 | _aCalifornia. | |
| 942 | _cEK | ||
| 999 |
_c12109 _d12109 |
||